000 00957nam a2200265 a 4500
001 73428
003 BD-RjUL
005 20211209082408.0
008 170531s1967 dcu b 000 0 eng d
035 _a(BD-RjUL)73646
040 _aDLC
_cDLC
_dBD-RjUL
_beng
041 _aeng
082 0 0 _a628
_223
_bHEQ 1967
100 1 _aHerfindahl, Orris C.
_q(Orris Clemens),
_d1918-
_9217196
245 1 0 _aQuality of the environment:
_ban economic approach to some problems in using land, water, and air,
_cby Orris C. Herfindahl and Allen V. Kneese.
260 _aWashington,
_bResources for the Future; distributed by Johns Hopkins Press, Baltimore
_cc1965 [printing1967]
300 _aviii, 96 p. ;
_c23 cm.
504 _aIncludes bibliographies.
650 0 _aSanitation.
_9124457
650 0 _aRural conditions.
_9217197
650 0 _aCity planning.
_9217198
700 1 _aKneese, Allen V.,
_ejoint author.
_9217199
740 _aEnvironment.
942 _2ddc
_cBK
999 _c73428
_d73428